| 000 | 00411nam a2200157Ia 4500 | ||
|---|---|---|---|
| 008 | 221030s9999 xx 000 0 und d | ||
| 020 | _a8173193932 | ||
| 041 | _aEnglish | ||
| 082 |
_a105.23 _bCha |
||
| 100 | _aD. K. Chakrabarty | ||
| 245 | 3 |
_aAn Introduction to Physical Chemistry _cby D. K. Chakrabarty |
|
| 260 |
_bNarosa Pub. House _aNew Delhi _c2001 |
||
| 300 | _a399 | ||
| 650 | _aChemistry | ||
| 942 | _cBK | ||
| 999 |
_c1855 _d1855 |
||